Desinformação e democracia : (Record no. 69)

MARC details
000 -LÍDER
Campo Fixo de Controle 00717cam a2200229 a 4500
001 - NÚMERO DE CONTROLE
Campo de Controle 69
003 - IDENTIFICAÇÃO DO NÚMERO DE CONTROLE
Campo de Controle BR-CuiBMT
005 - DATA E HORA DA ÚLTIMA ATUALIZAÇÃO
Campo de Controle 20231114200833.0
008 - DADOS FIXOS
Dados Fixos 230809s2022 mbga 000 0 por d
020 ## - INTERNATIONAL STANDARD BOOK NUMBER
Nº do ISBN 9786555184051
040 ## - AGÊNCIA CATALOGADORA
Código da Agência Catalogadora BR-CuiBMT
Agência que transcreveu o registro BR-CuiBMT
080 ## - Nº DA CLASSIFICAÇÃO DECIMAL UNIVERSAL
Nº edição CDU 2007
Nº Class. CDU 342.727:070.16
090 ## - NÚMERO DE CHAMADA
Nº classificação 342.727:070.16
Cutter P843d
100 1# - ENTRADA PRINCIPAL -- AUTOR PESSOAL
Nome pessoal Portella, Luiza Cesar
245 10 - TÍTULO PRINCIPAL
Título principal Desinformação e democracia :
Subtítulo um panorama jurídico eleitoral /
Indicação de responsabilidade Luiza Cesar Portella ; prefácio Diogo Rais.
260 ## - PUBLICAÇÃO, DISTRIBUIÇÃO, ETC.
Local de publicação Belo Horizonte :
Editora Fórum,
Data 2022.
300 ## - DESCRIÇÃO FÍSICA
N. páginas ou volumes 145 p. :
Ilustrações il. ;
Dimensões 22 cm
504 ## - NOTA DE BIBLIOGRAFIA, ETC.
Nota de bibliografia Inclui bibliografia.
650 ## - ASSUNTO TÓPICO
Cabeçalho tópico ou nome geográfico Direito eleitoral
Subdivisão geral Fake news
650 ## - ASSUNTO TÓPICO
Cabeçalho tópico ou nome geográfico Fake news
Subdivisão geral Campanha eleitoral
942 ## - ELEMENTOS DE ENTRADA ADICIONAIS (KOHA)
Fonte de classificação ou esquema de arquivamento Classificação Decimal Universal
Tipo de item do Koha Livros
Holdings
Estado: removido Estado: perdido Fonte de classificação ou esquema de arquivamento Estado: danificado Indisponível para empréstimo Localização permanente Localização atual Data de aquisição Total Checkouts Número de Chamada completo Código de barras Date last seen Número do exemplar Preço efetivo a partir de Tipo de item (Koha)
    Classificação Decimal Universal     Biblioteca da Escola Superior de Contas do TCE/MT Biblioteca da Escola Superior de Contas do TCE/MT 28/06/2023   342.727:070.16 P843d BIBTCEMT23080045 09/08/2023 Ex. 1 09/08/2023 Livros
    Classificação Decimal Universal     Biblioteca da Escola Superior de Contas do TCE/MT Biblioteca da Escola Superior de Contas do TCE/MT 28/07/2023   342.727:070.16 P843d BIBTCEMT23110489 13/11/2023 Ex. 2 13/11/2023 Livros
    Classificação Decimal Universal     Biblioteca da Escola Superior de Contas do TCE/MT Biblioteca da Escola Superior de Contas do TCE/MT 28/07/2023   342.727:070.16 P843d BIBTCEMT23110490 13/11/2023 Ex. 3 13/11/2023 Livros
    Classificação Decimal Universal     Biblioteca da Escola Superior de Contas do TCE/MT Biblioteca da Escola Superior de Contas do TCE/MT 22/11/2023   342.727:070.16 P843d BIBTCEMT23110846 22/11/2023 Ex. 4 22/11/2023 Livros

Powered by Koha